000 00545nam a2200181Ia 4500
003 OSt
005 20200803095447.0
008 190216s9999||||xx |||||||||||||| ||und||
020 _a8173191719
040 _coclc
082 _a515.353
_bAMA/E
100 _aAmaranath, T
_93894
245 0 _aAn Elementary Course In Partial Differential Equations /
_cT Amaranath
260 _bNarosa Publishing House,
_c2000.
_aNew Delhi:
300 _a135p
650 _aMathematics
942 _cBK
_2ddc
_h515.353
_iAMA/E
_k515.353
_mAMA/E
999 _c31454
_d31454